|
|
|
|
| LEADER |
01476nam a2200325 a 4500 |
| 001 |
39450 |
| 003 |
BD-DhAAL |
| 008 |
091110s1996 bg a b 001 0 eng d |
| 999 |
|
|
|c 5329
|d 5329
|
| 020 |
|
|
|a 9840515683
|
| 020 |
|
|
|a 9789840515684
|
| 040 |
|
|
|a BD-DhAAL
|c BD-DhAAL
|
| 082 |
0 |
0 |
|a 338.5
|2 21
|
| 245 |
1 |
0 |
|a Readings in microeconomics /
|c edited by Fahad Khalil and Salim Rashid.
|
| 250 |
|
|
|a First edition
|
| 260 |
|
|
|a Dhaka :
|b University Press Limited,
|c 1996, 2006.
|
| 300 |
|
|
|a xvi, 259 pages :
|b illustrations ;
|c 22 cm.
|
| 490 |
0 |
|
|a UPL Readers Series.
|
| 504 |
|
|
|a Includes bibliographical references and index.
|
| 526 |
|
|
|a GenEd
|
| 541 |
1 |
|
|a Book Finder International
|e 16472, 39450
|
| 650 |
|
0 |
|a Microeconomics.
|9 51058
|
| 650 |
|
0 |
|a Economics.
|9 51059
|
| 700 |
1 |
|
|a Khalil, Fahad
|9 51060
|
| 700 |
1 |
|
|a Rashid, Salim
|9 51061
|
| 852 |
4 |
|
|a Ayesha Abed Library
|c General Stacks
|
| 942 |
|
|
|2 ddc
|c BK
|
| 952 |
|
|
|0 0
|1 0
|2 ddc
|4 0
|6 338_500000000000000_REA_1996
|7 0
|9 5191
|a BRACUL
|b BRACUL
|c GEN
|d 2009-11-10
|g 328.00
|l 2
|m 10
|o 338.5 REA
|p 3010016472
|r 2021-03-01
|s 2016-01-18
|t 1
|v 656.00
|w 2009-11-10
|y BK
|
| 952 |
|
|
|0 0
|1 0
|2 ddc
|4 0
|6 338_500000000000000_REA
|7 0
|9 20847
|a IGS
|b IGS
|c GEN
|d 2012-07-31
|e The University Press
|g 450.00
|l 1
|m 2
|o 338.5 REA
|p 3010025727
|r 2014-06-09
|s 2013-02-18
|t 2
|w 2012-07-31
|y BK
|
| 952 |
|
|
|0 0
|1 0
|2 ddc
|4 0
|6 338_500000000000000_REA
|7 0
|9 71500
|a SCL
|b SCL
|c GEN
|d 2022-08-03
|e Book Finder International
|g 362.00
|l 0
|o 338.5 REA
|p 3020039450
|r 2022-08-03
|t 3
|v 0.00
|w 2022-08-03
|y BK
|